Logo BPK

Biblioteka

Politechniki Koszalińskiej

Langenscheidt praktischer Sprachlehrgang Polnisch. (Rekord nr 41174)

Szczegóły MARC
000 -ETYKIETA REKORDU
podpole kontrolne o stałej długości 01051nim a2200289 i 4500
001 - NUMER KONTROLNY REKORDU
pole kontrolne bg
040 ## - ŹRÓDŁO KATALOGOWANIA
Instytucja, która utworzyła rekord BPK
041 0# - KOD JĘZYKA
Kod języka tekstu pol
044 ## - KOD KRAJU WYDAWCY/PRODUCENTA
Kod kraju wydawcy/producenta GER
080 ## - UNIWERSALNA KLASYFIKACJA DZIESIĘTNA - UKD
UKD 811.162.1'355(07)(0.034.44)
008 - POLE O STAŁEJ DŁUGOŚCI - DANE KONTROLNE
podpole kontrolne o stałej długości s pl f |000 0 pol
245 00 - TYTUŁ/ODPOWIEDZIALNOŚĆ
Tytuł Langenscheidt praktischer Sprachlehrgang Polnisch.
Ciąg dalszy tytułu Hör- und Sprechtraining.
Oznaczenie części/sekcji dzieła CD 1-2.
Typ dokumentu [Dokument elektroniczny] :
260 ## - STREFA ADRESU WYDAWNICZEGO
Miejsce wydania Berlin ;
-- München :
Nazwa wydawcy/dystrybutora Langenscheidt,
Data publikacji, dystrybucji/powstania dokumentu cop. 2006.
300 ## - STREFA OPISU FIZYCZNEGO
Objętość 2 dyski optyczne (CD-ROM) :
Inne cechy fizyczne dźw. ;
Rozmiary 12 cm +
Dokument towarzyszący Begleitheft.
500 ## - UWAGI OGÓLNE
Tekst uwagi Tyt. z etykiety na dysku.
500 ## - UWAGI OGÓLNE
Tekst uwagi Pojemnik : 13x15x1 cm.
500 ## - UWAGI OGÓLNE
Tekst uwagi Stanowi całość z podręcznikiem : Langenscheidt - Praktisches Lehrbuch Polnisch.
500 ## - UWAGI OGÓLNE
Tekst uwagi Tyt. z etykiety na dysku.
500 ## - UWAGI OGÓLNE
Tekst uwagi Pojemnik : 13x15x1 cm.
500 ## - UWAGI OGÓLNE
Tekst uwagi Łączny czas nagrania : 100 minut.
500 ## - UWAGI OGÓLNE
Tekst uwagi Łączny czas nagrania : 140 minut.
505 0# - SFORMALIZOWANA UWAGA DOTYCZĄCA ZAWARTOŚCI
Pełny tekst uwagi CD 1 : Lektion 1-10 ; CD 2 : Lektion 11-20.
650 #9 - HASŁO PRZEDMIOTOWE W FORMIE NAZWY OGÓLNEJ LUB JEDNOSTKOWEJ
Nazwa ogólna lub geograficzna Język polski
Określnik ogólny wymowa
655 ## - TERMIN INDEKSOWY - OKREŚLENIE RODZAJU/FORMY DOKUMENTU
Określenie rodzaju/formy dokumentu Dokumenty elektroniczne
655 ## - TERMIN INDEKSOWY - OKREŚLENIE RODZAJU/FORMY DOKUMENTU
Określenie rodzaju/formy dokumentu Podręczniki
942 ## - DODATKOWE ELEMENTY (KOHA)
Typ dokumentu Płyta CD
Egzemplarze
Wycofany Status egzemplarza Uszkodzony Dostępność Lokalizacja stała Lokalizacja bieżąca Miejsce przechowywania Sygnatura Kod kreskowy Typ dokumentu
      Dostępny Biblioteka Politechniki Koszalińskiej Biblioteka Politechniki Koszalińskiej Wypożyczalnia BG CD 1507 02203287 Płyta CD
© 2023 Biblioteka Politechniki Koszalińskiej :: KOHA